Word ladder - Statistics

General Stats
  • This quiz has been taken 102 times
  • The average score is 16 of 19
Answer Stats
Hint Answer % Correct
Guinness and Heineken are famous for making this alcoholic drink Beer
94%
Piece of glass inserted into glasses and telescopes Lens
94%
Alcoholic drink made of honey, yeast and water Mead
92%
Wild animal often found in forests which the film 'Bambi' was based on Deer
91%
Word for a male bathroom Mens
91%
Vegetable that can be either sugar or root Beet
90%
A piece of paper that shows what property you own Deed
90%
Word for fixing a broken object Mend
90%
Insert this word into the phrase 'As ---- as a dodo.' Dead
89%
Period of time between Ash Wednesday and Easter Lent
89%
Past tense: To go to a place Went
85%
Abbreviation of Department Dept
84%
Verb in which you are processing the words you see Read
84%
Plant found in swamps which has been used to make paper for many years Reed
84%
Past tense: Move an object in such a way its shape changes Bent
82%
Past tense: A form of crying Wept
82%
Word for a mark or hole in an object Dent
77%
Temporarily own something for a fraction of the cost Rent
77%
Talk about something stupid for a long time Rant
74%
No matching quizzes found
Score Distribution
Percent of People with Each Score
Percentile by Number Answered
Your Score History
You have not taken this quiz